Quiz o Korei Północnej - Statystyki

Ogólne statystyki
  • Ten quiz został rozwiązany 2 226 razy
  • Średni wynik to 11 z 21
Statystyki odpowiedzi
Wskazówka Odpowiedź % Poprawnych
Najwyżsi przywódcy Korei Północnej Kim {Dzong} {Un}
90%
Formalnie Korea Północna jest w stanie wojny z tym państwem Korea Południowa
90%
Stolica Pjongjang
90%
Korea Północna ma małą 17-kilometrową granicę z tym państwem Rosja
84%
Korea Północna wydaje około 13–23% swojego PKB na ... Wojskowość
77%
Najwyżsi przywódcy Korei Północnej Kim {Ir} {Sen}
76%
Morze pomiędzy Koreą Północną a Chinami Morze {Żółte}
69%
Najwyżsi przywódcy Korei Północnej Kim {Dzong} {II}
61%
Katastrofa, która nawiedziła Koreę Północną w latach 1994–1998 Głód
55%
W 2011 r. zmieniono konstytucję Korei Północnej w celu usunięcia odniesień do tego ustroju Komunizm
55%
Korea Północna po raz pierwszy przetestowała je w 2006 roku Broń atomowa
50%
Oficjalna "religia” Korei Północnej Ateizm
43%
W jakim mieście znajduje się najwięcej ambasad Korei Północnej? Pekin
41%
Co oznacza angielski skrót DMZ? Strefa zdemilitaryzowana
37%
____ imienia 1 maja może pomieścić 114 000 ludzi i jest największym budynkiem swojego rodzaju Stadion
32%
W Korei Północnej jest ich około 200 000 - tysiące z nich umiera każdego roku Więźniowie polityczni
30%
Oficjalna ideologia państwowa(wskazówka: zaczyna się na D) Dżucze
29%
Amerykański koszykarz zaprzyjaźniony z przywódcą Korei Północnej Dennis Rodman
20%
W 1978 roku władze Korei Północnej porwały Shin Sang-ok i Choi Eun-hee oraz zmusiła ich do wykonania tego Filmy
15%
Najwyższy budynek w Korei Północnej, wciąż niedokończony po 33 latach budowy Hotel {Ryugyŏng}
12%
Niektórzy tak mówią na Koreę Północną ze względu na izolację od innych krajów Królestwo {pustelnicze}
9%
Nie znaleziono quizów pasujących do podanych kryteriów
Rozkład punktacji
Procent ludzi z każdym wynikiem
Percentyl według liczby udzielonych odpowiedzi
Twoja historia wyników
Nie rozwiązałeś tego quizu